header

Principles of Biology forms 3 and 4 (Record no. 258457)

MARC details
000 -LEADER
fixed length control field 00453nam a22001817a 4500
003 - CONTROL NUMBER IDENTIFIER
control field OSt
005 - DATE AND TIME OF LATEST TRANSACTION
control field 20200615143140.0
008 - FIXED-LENGTH DATA ELEMENTS--GENERAL INFORMATION
fixed length control field 200615b xxu||||| |||| 00| 0 eng d
020 ## - INTERNATIONAL STANDARD BOOK NUMBER
International Standard Book Number 9966984100
040 ## - CATALOGING SOURCE
Transcribing agency n/a
050 ## - LIBRARY OF CONGRESS CALL NUMBER
Classification number QH308
Item number .M8345 2006
100 ## - MAIN ENTRY--PERSONAL NAME
Personal name Muchiri,Peter M.
245 ## - TITLE STATEMENT
Title Principles of Biology forms 3 and 4
250 ## - EDITION STATEMENT
Edition statement vol.2
260 ## - PUBLICATION, DISTRIBUTION, ETC. (IMPRINT)
Place of publication, distribution, etc Nairobi,Kenya
Name of publisher, distributor, etc Pezi Publishers
Date of publication, distribution, etc 2006
300 ## - PHYSICAL DESCRIPTION
Extent viii;334p
Other physical details ill.
942 ## - ADDED ENTRY ELEMENTS (KOHA)
Source of classification or shelving scheme Library of Congress Classification
Koha item type Long Loan Books
Holdings
Withdrawn status Lost status Source of classification or shelving scheme Damaged status Not for loan Collection code Home library Current library Shelving location Date acquired Total Checkouts Total Renewals Full call number Barcode Date last seen Date checked out Price effective from Koha item type
    Library of Congress Classification     Non-fiction Rongo University Library Rongo University Library General Stacks 15/06/2020 1 1 QH308 .M8345 2006 20089393 04/03/2024 04/03/2024 15/06/2020 Long Loan Books

© 2026 Rongo University
Contact us: librarian | system librarian | Rongo university